The measure of a man [Large Print] : a spiritual ... Read More
Available copies
- 2 of 2 copies available at LARL/NWRL Consortium.
Current holds
0 current holds with 2 total copies.
View other formats and editions
Show Only Available Copies
| Location | Call Number / Copy Notes | Barcode | Shelving Location | Status | Due Date |
|---|---|---|---|---|---|
| Godel Memorial-Warren Library | lp 921 POI (Text) | 35500005087968 | Main | Available | - |
| Thief River Falls Public Library | lp 921 POI (Text) | 35500004104780 | Main | Available | - |
Record details
- ISBN: 0061357928
- ISBN: 9780061357923
- Physical Description: xvii, 299 p., [8] p. of plates : ill. ; 23 cm.
- Edition: 1st HarperLuxe ed.
- Publisher: New York : HarperLuxe, 2007, c2000.
Content descriptions
| General Note: | Includes index. |
Search for related items by subject
| Subject: | Poitier, Sidney. Actors > United States > Biography. |
| Genre: | Large type books. Oprah's Book Club. |
| LDR | 01025nam a2200265Ia 4500 | ||
|---|---|---|---|
| 001 | 85316 | ||
| 003 | LARL_NWRL_CONSORTIUM | ||
| 005 | 20070208043007.0 | ||
| 008 | 070131r20072000nyua d 001 0 eng d | ||
| 020 | . | ‡a0061357928 | |
| 020 | . | ‡a9780061357923 | |
| 040 | . | ‡aGEC ‡cGEC ‡dBAKER | |
| 100 | 1 | . | ‡aPoitier, Sidney. ‡0(LARL_NWRL_CONSORTIUM)59502 |
| 245 | 1 | 4. | ‡aThe measure of a man ‡h[Large Print] : ‡ba spiritual autobiography / ‡cSidney Poitier. |
| 250 | . | ‡a1st HarperLuxe ed. | |
| 260 | . | ‡aNew York : ‡bHarperLuxe, ‡c2007, c2000. | |
| 300 | . | ‡axvii, 299 p., [8] p. of plates : ‡bill. ; ‡c23 cm. | |
| 500 | . | ‡aIncludes index. | |
| 600 | 1 | 0. | ‡aPoitier, Sidney. ‡0(LARL_NWRL_CONSORTIUM)59502 |
| 650 | 0. | ‡aActors ‡zUnited States ‡vBiography. ‡0(LARL_NWRL_CONSORTIUM)163254 | |
| 655 | 0. | ‡aLarge type books. | |
| 655 | 0. | ‡aOprah's Book Club. | |
| 901 | . | ‡a85316 ‡bISxN ‡c85316 ‡tbiblio | |

Add to basket
Permalink
Disable Highlighting